000
00243nam a22000977a 4500
999
_c
5306
_d
5306
008
170112b xxu||||| |||| 00| 0 eng d
020
_a
9788181372024
100
_9
2354
_a
Sachdeva.P.
245
_a
Computer Class-6
260
_a
New Delhi
_b
Rachna
_c
2010